00753nam a22002057a 450000500170000001000140001702000230003103500130005403700130006708200140008010000190009424501680011326000780028127000540035930000400041350000190045365000310047270000240050370000200052720100730161731.0 aENG-97331 a8185835586c750.00 aEN-80864 bDBAD/PUB a304.60954 aKrishan, Gopal aPopulation research centres in India :ban annotated bibliography and abstracts of research 2001-2007 /cby Gopal Krishan, Pawan Kumar Sharma [and] Manisha Bhatia. aChandigarhbCentre for Research in Rural and Industrial Developmentc2010 a2-A, Sector 19-A, Madhya MargbChandigarhe160019 axxvi, 654p.:bill.c25cm, (Hb)emap aincludes index aPopulation ResearchzIndia aSharma, Pawan Kumar aBhatia, Manisha